000
00259nam a2200109Ia 4500
999
_c
9418
_d
9418
020
_a
978-0132664233
100
_a
Fred R David
245
0
_a
Straregic Management Concepts and Cases
260
_a
New Jersey
_b
Prentice Hall
_c
2002
300
_a
223
942
_c
BK